Landlocked Counties of England with Map - Statistics

General Stats
  • This quiz has been taken 104 times
    88 since last reset
  • The average score is 18 of 24
Answers on the Map
Answers color-coded by a green-red scale on the quiz's map according to % correct below.
 
Answer Stats
County % Correct
Greater London
82%
Rutland
82%
Herefordshire
81%
Oxfordshire
81%
Surrey
81%
Buckinghamshire
78%
Cambridgeshire
78%
Hertfordshire
78%
Shropshire
78%
Wiltshire
78%
Northamptonshire
77%
Warwickshire
77%
Derbyshire
76%
Leicestershire
76%
Nottinghamshire
76%
South Yorkshire
76%
Bedfordshire
73%
Berkshire
73%
Greater Manchester
73%
West Midlands
72%
West Yorkshire
72%
City of London
69%
Staffordshire
68%
Worcestershire
68%
No matching quizzes found
Score Distribution
Percent of People with Each Score
Percentile by Number Answered
Your Score History
You have not taken this quiz since the last reset